Simplified LRFD bridge design (Record no. 809)

000 -LEADER
fixed length control field 00674nam a2200241Ii 4500
001 - CONTROL NUMBER
control field 809
003 - CONTROL NUMBER IDENTIFIER
control field BD-DhUET
008 - FIXED-LENGTH DATA ELEMENTS--GENERAL INFORMATION
fixed length control field 140603s2013 flua ob 001 0 eng d
020 ## - INTERNATIONAL STANDARD BOOK NUMBER
International Standard Book Number 9781466566514
040 ## - CATALOGING SOURCE
Original cataloging agency KNOVL
Language of cataloging eng
Transcribing agency KNOVL
Modifying agency BD-DhUET
082 04 - DEWEY DECIMAL CLASSIFICATION NUMBER
Classification number 624.2
Item number KIM/2013
100 ## - MAIN ENTRY--PERSONAL NAME
Personal name Kim, Jai B.
245 00 - TITLE STATEMENT
Title Simplified LRFD bridge design
250 ## - EDITION STATEMENT
Edition statement Ist ed.
260 ## - PUBLICATION, DISTRIBUTION, ETC. (IMPRINT)
Place of publication, distribution, etc. Boca Raton
Name of publisher, distributor, etc. CRC Press
Date of publication, distribution, etc. 2013
300 ## - PHYSICAL DESCRIPTION
Extent xxxix, 318 p.
Other physical details illustrations.
504 ## - BIBLIOGRAPHY, ETC. NOTE
Bibliography, etc Includes bibliographies
650 #0 - SUBJECT ADDED ENTRY--TOPICAL TERM
Topical term or geographic name as entry element Structural engineering
700 ## - ADDED ENTRY--PERSONAL NAME
Personal name Kim, Robert H.
700 ## - ADDED ENTRY--PERSONAL NAME
Personal name Eberle, Jonathan R.
856 40 - ELECTRONIC LOCATION AND ACCESS
Uniform Resource Identifier http://www.columbia.edu/cgi-bin/cul/resolve?clio10836355
942 ## - ADDED ENTRY ELEMENTS (KOHA)
Koha item type General Book
Holdings
Koha full call number Lost status Source of classification or shelving scheme Koha item type Koha normalized classification for sorting Damaged status Koha renewals Sublocation or collection (holding branch) Koha date last seen Copy number Piece designation (barcode) Shelving location Withdrawn status Koha date last borrowed Date acquired Koha issues (times borrowed) Price effective from Location (home branch) Not for loan
624.2 KIM/2013  General Book624_200000000000000_KIM2013 2Central Library, BUET2022-09-121112184Circulation section 2018-10-272014-08-2312014-08-23Central Library, BUET 
624.2/KIM/2013  General Book624_200000000000000_KIM_2013  Central Library, BUET2022-01-102112183Circulation section 2021-12-222015-02-2222015-02-22Central Library, BUET